Elegijna świadomość romantyków

Titel: Elegijna świadomość romantyków / Piotr Śniedziewski
Verfasser:
Veröffentlicht: Gdańsk : słowo/obraz terytoria, 2015
Umfang: 327 Seiten
Format: Buch
Sprache: Polnisch
RVK-Notation:
Schlagworte:
ISBN: 9788374533072
Buchumschlag
X
alg: 44144602
001A    $00026:24-01-19 
001B    $00026:08-07-19 $t16:15:42.000 
001D    $00026:07-02-19 
001U    $0utf8 
001X    $00 
002@    $0Aau 
002C    $aText $btxt $2rdacontent 
002D    $aohne Hilfsmittel zu benutzen $bn $2rdamedia 
002E    $aBand $bnc $2rdacarrier 
003@    $0441446027 
004A    $A978-83-7453-307-2 
006C    $0935900466 $aOCoLC 
007A    $083326592X $aGBV 
009P    $qapplication/pdf $A2 $3Inhaltsverzeichnis $uhttp://scans.hebis.de/HEBCGI/show.pl?44144602_toc.pdf $mV:DE-603;B:DE-26 
010@    $apol 
010E    $erda 
011@    $a2015 
021A    $aElegijna świadomość romantyków $hPiotr Śniedziewski 
028A    $BVerfasser $4aut $71097433765 $8Śniedziewski, Piotr$Z1976- [Tp3] $9378463292 
033A    $pGdańsk $nsłowo/obraz terytoria 
034D    $a327 Seiten 
037A    $aLiteraturangaben 
044K    $RBiedermeier $#Romanticism $#Romantisme $#Romanticismo $#Romantik $#Frühromantik $#Spätromantik $74050491-8 $8Romantik [Ts1] $9085140775 
044K    $RLechisch $#Polnische Sprache $74120314-8 $8Polnisch [Tsz] $9085383503 
044K    $RLyrik $RKlagelied $#Elegiac poetry $#Élégies $#Elegie $#Poesías elegíacas $74151713-1 $8Elegie [Ts1] $9085629928 
045Z    $8KO 6515 [Tkv] $9409258490 

lok: 44144602 78

exp: 44144602 78 1 #EPN
201B/01 $028-05-19 $t11:44:30.000 
201C/01 $028-05-19 
201U/01 $0utf8 
203@/01 $01052177085 
208@/01 $a28-05-19 $be 
209A/01 $a/ $f000 $x00 
209A/01 $ab*p $x01 
220C/01 $aeja 
244Z/01 $#Generalgouvernement Polen $#Polska $#Rzeczpospolita Polska $#Polska Rzeczpospolita Ludowa $#Poland $#Pologne $#République Polonaise $#Generalne Gubernatorstwo w Polsce $#Polish People's Republic $#Polska Rzeczpospolita Polen $#PRL $#RP $#Polen Generalgouvernement $#Polska Generalgouvernement $#Besetzte Polnische Gebiete $#Besetztes Gebiet in Polen $#Okupowane Polskie Obszary $#Obszary Okupowane w Polsce $#Volksrepublik Polen $#Polska Rosyjska $#Republic Polen $#Respublika Pol'ša $#Pol'skaja Narodnaja Respublika $#République de Pologne $#Polen Links der Weichsel $#Polska po Lewej Stronie Wisły $#Lenkija $#Polija $#Gubernija Carstva Pol'skago $#Republik Polen $74046496-9 $8--Tg1--Polen $x01 $9085129801 
247C/01 $82080>Marburg/Lahn, Herder-Institut, Forschungsbibliothek, Bibliographieportal $9336309341 

lok: 44144602 204

exp: 44144602 204 1 #EPN
201B/01 $015-07-19 $t10:28:24.000 
201C/01 $024-01-19 
201U/01 $0utf8 
203@/01 $01041363141 
208@/01 $a15-07-19 $bzUB 
209A/01 $a000 KO 6515 S672 $du $f000 $x00 
209G/01 $a62483067 $x00 
245S/01 $a21000 $x01 
247C/01 $8631000-x <26>Gießen, Universität Gießen, Universitätsbibliothek Gießen $9102596697
LEADER 00000cam a2200000 c 4500
001 441446027
003 DE-603
005 20190708161542.0
007 tu
008 190124s2015 xx |||| | u00||u|pol c
020 |a 9788374533072 
035 |a (DE-599)GBV83326592X 
040 |a DE-603  |b ger  |c DE-603  |d DE-603  |e rda 
041 |a pol 
084 |a KO 6515  |0 (DE-625)80596:  |0 (DE-603)409258490  |2 rvk 
100 1 |a Śniedziewski, Piotr  |d 1976-  |e Verfasser  |4 aut  |0 (DE-603)378463292  |0 (DE-588)1097433765  |2 gnd 
245 0 0 |a Elegijna świadomość romantyków  |c Piotr Śniedziewski 
264 1 |a Gdańsk  |b słowo/obraz terytoria  |c 2015 
300 |a 327 Seiten 
336 |a Text  |b txt  |2 rdacontent 
337 |a ohne Hilfsmittel zu benutzen  |b n  |2 rdamedia 
338 |a Band  |b nc  |2 rdacarrier 
500 |a Literaturangaben 
650 7 |a Romantik  |0 (DE-588)4050491-8  |0 (DE-603)085140775  |2 gnd 
650 7 |a Polnisch  |0 (DE-588)4120314-8  |0 (DE-603)085383503  |2 gnd 
650 7 |a Elegie  |0 (DE-588)4151713-1  |0 (DE-603)085629928  |2 gnd 
856 4 2 |m V:DE-603;B:DE-26  |q application/pdf  |u http://scans.hebis.de/HEBCGI/show.pl?44144602_toc.pdf  |3 Inhaltsverzeichnis 
924 0 |9 2080  |a (DE-603)1052177085  |b DE-2080  |c HES  |d d  |g / 
924 0 |9 26  |a (DE-603)1041363141  |b DE-26  |c HES  |d c  |g 000 KO 6515 S672